000 01207nam a22002417a 4500
001 8268
003 FISKH
005 20250905122340.0
008 250905b cb ||||| |||| 00| 0 eng d
020 _a9781607101543
040 _aFISKH
_beng
_cFISKH
_dFISKH
082 _a597.9
100 _aPledger, Maurice
245 _aExplore :
_bReptiles /
_cBy Maurice Pledger
260 _aSan Diego :
_bSilver Dolphins Books ,
_c2010.
300 _a20 unnumbered pages :
_bcolor illustrations ;
_c26 x 30 cm .
505 _aK
520 _aThey're scaly and scary, colorful and cute, poisonous and powerful. They're reptiles! Discover amazing reptiles in Explore: Reptiles, new from best-selling illustrator Maurice Pledger. Texture patches and amazing moving pictures bring the illustrations to life, while flaps, fact boxes and booklets explain all the cool stuff in a way that appeals to young readers. Kids can smile at crocodiles, lounge with lizards, and clown with chameleons as they meet extraordinary animals on every page. A slithering, scintillating time is in store for all!
521 8 _a510
_bLexile estimate
521 8 _aK
_bRaz-Plus
942 _2ddc
_cBK
_n0
999 _c8268
_d8268